000 01515nam0a22002891 4500
001 rc\4765804
005 20250613075839.0
021 _aRU
_b[66-87938]
035 _a(NLR Aleph) 009020016
090 _a9422246
_c9422246
100 _a20130417d1967 |||y0rusy50 ca
101 0 _arus
102 _aRU
105 _aa z |||||
200 1 _aМеханизация складов песка, кокса, известняка и глины в чугунолитейном производстве
_f[Объединение по руководству науч.-техн. информацией и пропагандой в РСФСР при Гос. ком. Совета Министров СССР по науке и технике "Ростехинформ". Гос. науч.-исслед. ин-т науч. и техн. информации "ГосИНТИ"]
210 _aМосква
_cБ. и.
_d1967
215 _a14 с.
_cчерт.
_d22
225 1 _aПередовой научно-технический и производственный опыт
_v№ 7-67-74/2
300 _aАвт. указаны на 1-й с.
606 _aЧугунолитейные цехи
_xСкладское хозяйство
_xМеханизация
_2psbo
700 1 _aМирошников
_bА.Н.
_gАнатолий Николаевич
701 1 _aМеша
_bС.Р.
_gСергей Родионович
801 0 _aRU
_bNLR
_gpsbo
801 1 _aRU
_bELAR
_2rusmarc
852 _aNLR
_jП11/2295
942 _cBOOK
980 _aNB